000 00846nam a2200205 a 4500
005 20140412111237.0
008 010710s19uu xx 00 eng d
020 _a0-590-51476-8
050 _aER
_bOn2 1999
100 _aCosby, Bill, 1937
245 _aOne dark and scary night. /
_cBill Cosby; illustrated by Varnette P. Honeywood.
260 _aNew York :
_bScholastic Inc,
_c1999.
300 _a1v. (unp.) ; ill.
440 _aLittle Bill Books for beginning readers
520 _aOne night Little Bill is convinced there are mean things in his dark closet and that they are just dying to get him. Only when Alice the Great performs a magical tucking-in trick do the mean things go away for good.
650 _aFear of the dark-Fiction
650 _aGreat-grandmothers-Fiction
650 _aAfro-Americans-Fiction
999 _c102537
_d102537